000 00293nam a2200085Ia 4500
245 0 _aOccupational health : management and practice for health practitioners
100 _a Acutt, J. Cape Town, South Africa, 2011 4th ed
_925442
942 _cBK
008 210817s9999 xx 000 0 und d
999 _c300366
_d300365